000
00321nam a22001337a 4500
020
_a
9788131705339
082
_a
621.815
_b
NOR/MA
100
_a
Norton, Robert L
245
_a
Machine design: an integrated approach
250
_a
2nd ed
260
_a
New Delhi
_b
Pearson education
_c
2012
300
_a
1078 p
942
_c
BK
999
_c
13790
_d
13790